000 00609nam a2200241Ia 4500
003 OSt
005 20221007095102.0
006 a|||||r|||| 00| 0
007 ta
008 221006b |||||||| |||| 00| 0 eng d
024 _a832
037 _cTextual
040 _aLCO
_cLCO
_beng
041 _2eng
_aeng
082 _aZ, M4
100 _aJOWELL J L
_9700787
245 0 _aLord Denning
_b The judge and the law
260 _aLondon
_bSweet & Maxwell
_c1984
300 _a486
650 _aLORD DENNING
_9700788
942 _hZ, M4
_cTEXL
999 _c1170395
_d1170395